Aesthetics of Law and Culture Texts, Images, Screens /

Bibliographic Details
Main Author: Rush, Peter
Other Authors: Kenyon, Andrew
Format: eBook
Language:English
Published: Bingley: Emerald Group Publishing Limited, 2004
Subjects:
Online Access:Acceso restringido

MARC

LEADER 00000nam a22000007a 4500
005 20210217222141.0
007 cr|||| ||||
008 210217s2004 gb |||||s|||| 00||0 eng d
020 |a 978-0-76231-151-4 
035 |a 31970 
040 |a vLex 
090 |c 11170  |d 11170 
100 1 |a Rush, Peter 
245 1 0 |a Aesthetics of Law and Culture  |h [Recurso electrn̤ico] :  |b Texts, Images, Screens /  |c Peter Rush, Andrew Kenyon 
256 |a Servicio en ln̕ea 
260 |a Bingley:  |b Emerald Group Publishing Limited,  |c 2004 
300 |a 1 recurso electrn̤ico 
506 1 |a Disponible solo en los productos indicados  |d vLex Global  |d vLex Global (Academic Edition, excluding Law Schools)  |d vLex Global (U.S. Academic Edition, Law Schools)  |d vLex Global (U.S. Academic Edition, excluding Law Schools)  |d vLex Global (Academic Edition, Law Schools) 
650 0 4 |a Economa̕ y negocios  |z Reino Unido 
700 1 |a Kenyon, Andrew 
740 0 |a vLex Libros (Servicio en ln̕ea) 
856 4 0 |u http://vlex.com/source/31970  |z Acceso restringido 
942 |c BOOK 
999 0 |a Economy and business